000 00264nam a2200121Ia 4500
100 _aPalan/ N.G.
942 _cBK
654 _alogic
245 _aLogic circuits (Digital Electronics)
260 _bTechnova
_c1998
082 _a621.395
_bPAL
546 _aENGLISH
999 _c29655
_d29655